|
|
|
|
| LEADER |
00000nab a2200000 a 4500 |
| 001 |
vtls000558753 |
| 003 |
SK-MaSNL |
| 005 |
20260304083110.0 |
| 008 |
250425c1995 xo 0 slo |
| 015 |
|
|
|a SNBRB19rr/mm-uuuuu
|
| 035 |
|
|
|a CL0558891
|
| 035 |
|
|
|a urn:nbn:sk:snk-abakui
|
| 035 |
|
|
|a (urnnbn)urn:nbn:sk:snk:ar-0084cq
|
| 035 |
|
|
|a (uuid)d9556c3b-71ac-4673-9484-0849482ac94f
|
| 040 |
|
|
|a SNKBUCL
|b slo
|c SNKBUCL
|e AACR2
|
| 041 |
0 |
|
|a slo
|
| 044 |
|
|
|a xo
|c SK
|
| 080 |
|
|
|a 75.071.1:061.4
|2 1981
|
| 080 |
|
|
|a 069.6.02(437.6)
|2 1981
|
| 080 |
|
|
|a 929 Semian, Ervín
|2 1981
|
| 100 |
1 |
|
|a Podušel, Ľubomír,
|d 1953-
|4 aut
|9 89283
|
| 245 |
1 |
0 |
|a Ervín Semian po rokoch
|c Ľubomír Podušel
|
| 300 |
|
|
|b Fotogr. 2
|
| 600 |
1 |
7 |
|a Semian, Ervín,
|d 1921-1965
|2 snkbucl
|9 38326
|
| 610 |
2 |
7 |
|a Galéria mesta Bratislavy
|2 snkbucl
|9 32177
|
| 648 |
|
7 |
|a 1995
|2 SNKPH
|9 284798
|
| 648 |
|
7 |
|a február 1995
|2 SNKPH
|9 1028917
|
| 650 |
0 |
7 |
|a výstavy
|2 SNKPH
|9 2780
|
| 655 |
|
7 |
|a články z novín a časopisov
|2 snkbucl
|9 267496
|
| 773 |
0 |
|
|t Literárny týždenník
|g Roč. 8, č. 31 (1995), s. 15
|x 0862-5999
|
| 850 |
|
|
|a Slovenská národná knižnica
|
| 852 |
|
|
|a Slovenská národná knižnica
|
| 954 |
|
|
|a odborná, vedecká literatúra pôvodná (slovenská)
|2 lita
|
| 957 |
|
|
|a 5100
|
| 958 |
|
|
|a article14
|
| 958 |
|
|
|a BX
|
| 958 |
|
|
|a RK
|
| 958 |
|
|
|a SK
|
| 958 |
|
|
|a OND
|
| 958 |
|
|
|a EUIPO
|
| 999 |
|
|
|c 2799536
|d 2801466
|